000 00798nam0a22002411 4500
001 rc\2603878
005 20250623132139.0
035 _a(NLR Aleph) 006767905
090 _a5913429
_c5913430
100 _a20110914d1930 |||y0rusy50 ca
101 0 _arus
102 _aRU
105 _aa z |||||
200 1 _aТригонометрия
_eРабочая книга для подготовки в вуз
_fС. С. Бронштейн
205 _a3-е изд., испр. и доп.
210 _aМосква
_cРаботник просвещения
_d1930
215 _a374 с.
_cчерт.
_d22 см.
700 1 _aБронштейн
_bС.С.
_gСамуил Семенович
801 0 _aRU
_bNLR
_gpsbo
801 1 _aRU
_bELAR
_2rusmarc
852 _aNLR
_jМт02 В-5/42
942 _cBOOK
980 _aNB